[Event "Donau op 28th"]
[Site "Aschach"]
[Date "2019.12.30"]
[Round "6"]
[White "Hertneck, Gerald"]
[Black "Markidis, Konstantinos"]
[Result "1-0"]
[WhiteElo "2490"]
[BlackElo "2192"]
[PlyCount "79"]
[EventDate "2019.12.26"]
[EventType "swiss"]
[EventRounds "7"]
[EventCountry "AUT"]
[SourceTitle "CBM 194 Extra"]
[Source "ChessBase"]
[SourceDate "2020.03.31"]
[SourceVersion "1"]
[SourceVersionDate "2020.03.31"]
[SourceQuality "1"]

1. d4 Nf6 2. Nf3 e6 3. c4 d5 4. g3 Be7 5. Bg2 0-0 6. 0-0 dxc4 7. Ne5 Nc6 8. Nxc6 bxc6 9. Na3 Bxa3 10. bxa3 Ba6 11. Bxc6 Rb8 12. Qa4 Bb7 13. Bxb7 Rxb7 14. Qxc4 Qd5 15. Qxd5 Nxd5 16. a4 Nc3 17. e3 Nxa4 18. Ba3 Rc8 19. Rfc1 Rb6 20. Rc2 f6 21. Rac1 c6 22. e4 Kf7 23. d5 c5 24. Bxc5 Nxc5 25. Rxc5 Rxc5 26. Rxc5 exd5 27. exd5 Ra6 28. Rc2 Ke7 29. Rc7+ Kd6 30. Rxg7 Kxd5 31. Rxh7 Rxa2 32. h4 f5 33. h5 f4 34. g4 f3 35. h6 Ra6 36. Kh2 Rg6 37. Kg3 a5 38. Rd7+ Ke4 39. h7 Rh6 40. Re7+ 1-0

[Event "Donau op 28th"]
[Site "Aschach"]
[Date "2019.12.27"]
[Round "2"]
[White "Hertneck, Gerald"]
[Black "Postlmayer, Jakob"]
[Result "1/2-1/2"]
[WhiteElo "2490"]
[BlackElo "2224"]
[PlyCount "55"]
[EventDate "2019.12.26"]
[EventType "swiss"]
[EventRounds "7"]
[EventCountry "AUT"]
[SourceTitle "CBM 194 Extra"]
[Source "ChessBase"]
[SourceDate "2020.03.31"]
[SourceVersion "1"]
[SourceVersionDate "2020.03.31"]
[SourceQuality "1"]

1. d4 d5 2. Nf3 Nf6 3. c4 c6 4. Nc3 e6 5. e3 Nbd7 6. Bd3 dxc4 7. Bxc4 b5 8. Bd3 Bb7 9. e4 b4 10. Na4 c5 11. e5 Nd5 12. dxc5 Nxc5 13. Nxc5 Bxc5 14. Qa4+ Kf8 15. Qc2 Qb6 16. 0-0 h6 17. Qc4 g6 18. a4 a5 19. Qg4 Kg7 20. Bd2 Rad8 21. Be2 Ne7 22. Rad1 Nf5 23. h4 Nd4 24. Nxd4 Rxd4 25. Qg3 Rhd8 26. Be3 Rxd1 27. Rxd1 Rxd1+ 28. Bxd1 1/2-1/2

[Event "Donau op 28th"]
[Site "Aschach"]
[Date "2019.12.27"]
[Round "3"]
[White "Koller, Hans Juergen"]
[Black "Hertneck, Gerald"]
[Result "0-1"]
[WhiteElo "2173"]
[BlackElo "2490"]
[PlyCount "108"]
[EventDate "2019.12.26"]
[EventType "swiss"]
[EventRounds "7"]
[EventCountry "AUT"]
[SourceTitle "CBM 194 Extra"]
[Source "ChessBase"]
[SourceDate "2020.03.31"]
[SourceVersion "1"]
[SourceVersionDate "2020.03.31"]
[SourceQuality "1"]

1. Nf3 Nf6 2. c4 c6 3. g3 d5 4. Bg2 g6 5. Qa4 Bg7 6. cxd5 Nxd5 7. 0-0 e5 8. d3 0-0 9. Nc3 h6 10. Rd1 Be6 11. e4 Nb6 12. Qc2 c5 13. Be3 N6d7 14. a3 Nc6 15. Nd5 Nd4 16. Bxd4 cxd4 17. Nc7 Rc8 18. Nxe6 Rxc2 19. Nxd8 Rxd8 20. Rab1 Nb6 21. Ne1 Rc6 22. Bh3 h5 23. Rdc1 Rdd6 24. Nf3 f6 25. Nh4 Kh7 26. f4 Na4 27. Rxc6 bxc6 28. Nf3 exf4 29. gxf4 Bh6 30. e5 fxe5 31. fxe5 Rd8 32. b4 Be3+ 33. Kh1 Nc3 34. Re1 Nd5 35. Be6 Kg7 36. Bxd5 cxd5 37. Rf1 Rf8 38. Kg2 Rf5 39. b5 Kf7 40. b6 axb6 41. Rb1 g5 42. Rxb6 g4 43. Rb7+ Ke6 44. Rb6+ Kd7 45. Nh4 Rxe5 46. Rb7+ Kc6 47. Rf7 Bg5 48. Nf5 Re2+ 49. Kg3 Rd2 50. Nxd4+ Kb6 51. Ne6 Rxd3+ 52. Kg2 Be3 53. h3 Rd1 54. Rf1 gxh3+ 0-1